[Event "21st Sants Open 2019"]
[Site "Cotxeres de Sants"]
[Date "2019.08.27"]
[Round "5.8"]
[White "Salinas Herrera, Pablo"]
[Black "Garcia Ramos, Daniel"]
[Result "1-0"]
[WhiteElo "2506"]
[BlackElo "2348"]
[Annotator "TA"]
[PlyCount "99"]
[EventDate "2019.08.22"]
[EventType "swiss"]
[EventCountry "ESP"]
[SourceTitle "playchess.com"]
[Source "ChessBase"]
[SourceQuality "1"]

{[%evp 14,99,24,27,33,29,50,44,60,41,35,46,52,66,53,35,41,0,0,0,0,4,47,52,68,55,58,15,139,131,122,131,90,81,87,83,78,78,122,119,131,131,137,138,139,158,177,156,184,214,219,211,202,195,187,190,179,0,197,176,190,163,189,144,192,175,181,177,160,117,129,121,245,262,255,251,370,364,389,388,1116,1129,1120,1064,29992,29993,29993,29994]} 1. Nf3 Nf6 2. c4 b6 3. g3 Bb7 4. Bg2 g6 5. b3 Bg7 6. Bb2 O-O 7. O-O d6 8. d4 Nbd7 {A15: English Opening: 1...Nf6} (8... e6 9. Qc2 Nbd7 10. Nc3 c5 11. Rad1 Qe7 12. dxc5 Nxc5 13. Nd4 Bxg2 14. Kxg2 a6 15. b4 Qb7+ 16. Nf3 {½-½ (32) Artemiev,V (2653)-Amonatov,F (2614) Almaty 2016}) 9. Qc2 Re8 10. Nc3 e5 {White is slightly better.} 11. dxe5 dxe5 12. Rfd1 $146 ({Predecessor:} 12. Rad1 Qe7 13. Nb5 Rec8 14. Nc3 a6 15. Nd5 Nxd5 16. cxd5 {½-½ (52) Hoehner,D-Artz,K Recklinghausen 2000}) 12... Qb8 13. Nd5 c6 14. Nc3 Qc7 15. Ba3 e4 16. Bd6 Qc8 17. Ne1 e3 18. f3 Ne5 19. Nd3 $36 {[%mdl 2048] White is more active.} Nfd7 20. Rac1 Re6 (20... c5 $11) 21. Nxe5 $16 Nxe5 22. c5 $1 f5 23. Na4 b5 24. Nb2 Nf7 25. Nd3 Re8 26. f4 Qe6 27. a4 {axb5 is the strong threat.} a6 {[#]} 28. Bc7 $1 h5 29. Ne1 Re7 30. Ba5 Rae8 31. Nf3 Rd7 32. Rxd7 Qxd7 33. Rd1 Qe7 34. Nh4 Qe6 35. Nf3 $2 (35. axb5 $18 {Threatens to win with Qc4.} axb5 36. Bc3) 35... Re7 $2 (35... Qe7 $1 $11) 36. Nd4 Qc8 37. Rd3 Qe8 38. Qd1 Kh7 39. Bf3 Nh6 40. Nc2 Ng4 {aiming for ...Nf2.} 41. Be1 bxa4 42. bxa4 a5 {[#]} (42... Qf7 $16) 43. Rd8 $1 $18 {[%cal Rd8e8]} Qf7 44. Qd6 ({Don't take} 44. Bxa5 $6 Qc4 $16) 44... Ba6 (44... Bf6 $142 45. Bxa5 h4) 45. Nd4 {[%cal Bc2d4,Bd4f3,Bf3g5][%mdl 32]} Nf6 46. Bxc6 Ne4 $2 (46... Bxe2 47. Nxe2 (47. Bxa5 Qa2 $17) 47... Re6) 47. Bxe4 $1 {[%mdl 64] Discovered Attack} Rxe4 48. Nf3 {White threatens Ng5+ and mate.} Qc4 49. Ng5+ Kh6 50. Qc7 {Accuracy: White = 82%, Black = 32%.} 1-0

[Event "21st Sants Open 2019"]
[Site "Cotxeres de Sants"]
[Date "2019.08.27"]
[Round "5.9"]
[White "Bobadilla Viera, Jorge Samuel"]
[Black "Lagunow, Raphael"]
[Result "1/2-1/2"]
[WhiteElo "2307"]
[BlackElo "2431"]
[Annotator "NA"]
[PlyCount "84"]
[EventDate "2019.08.22"]
[EventType "swiss"]
[EventCountry "ESP"]
[SourceTitle "playchess.com"]
[Source "ChessBase"]
[SourceQuality "1"]
[TimeControl "40/5400+30:1800+30"]

1. e4 {[%emt 0:05:02]} c5 {[%emt 0:00:00]} 2. Nf3 {[%emt 0:00:04]} Nc6 {[%emt 0:00:00]} 3. Nc3 {[%emt 0:00:49]} e5 {[%emt 0:00:41]} 4. Bc4 {[%emt 0:00:08]} Be7 {[%emt 0:00:07]} 5. d3 {[%emt 0:00:07]} d6 {[%emt 0:02:45]} 6. O-O {[%emt 0:00:15]} Nf6 {[%emt 0:03:13]} 7. Ng5 {[%emt 0:02:09]} O-O {[%emt 0:00:22]} 8. f4 {[%emt 0:00:17]} h6 {[%emt 0:04:47]} 9. Nf3 {[%emt 0:02:09]} exf4 {[%emt 0:09:11]} 10. Bxf4 {[%emt 0:00:16]} Be6 {[%emt 0:04:55]} 11. Nd5 {[%emt 0:10:35]} Qd7 {[%emt 0:02:23]} 12. Qd2 {[%emt 0:08:08]} Bd8 {[%emt 0:10:33]} 13. h3 {[%emt 0:15:32]} a6 {[%emt 0:09:51]} 14. Rae1 {[%emt 0:05:00]} Bxd5 {[%emt 0:07:33]} 15. Bxd5 {[%emt 0:00:37]} Ba5 {[%emt 0:10:22]} 16. c3 {[%emt 0:04:50]} Nxd5 {[%emt 0:00:14]} 17. exd5 {[%emt 0:00:09]} Ne7 {[%emt 0:00:06]} 18. Re4 {[%emt 0:16:29]} h5 {[%emt 0:10:14]} 19. Bh2 {[%emt 0:12:23]} f6 {[%emt 0:17:20]} 20. Re6 {[%emt 0:00:58]} Bc7 {[%emt 0:00:05]} 21. c4 {[%emt 0:00:54]} Ng6 {[%emt 0:01:45]} 22. d4 {[%emt 0:03:10]} Rfe8 {[%emt 0:00:51]} 23. Rfe1 {[%emt 0:02:14]} cxd4 {[%emt 0:01:15]} 24. Nxd4 {[%emt 0:00:30]} Ne5 {[%emt 0:00:05]} 25. b3 {[%emt 0:01:49]} Bb6 {[%emt 0:00:14]} 26. Kh1 {[%emt 0:00:15]} Bxd4 {[%emt 0:00:50]} 27. Rxe8+ {[%emt 0:00:01]} Rxe8 {[%emt 0:00:01]} 28. Qxd4 {[%emt 0:00:10]} Qc7 {[%emt 0:02:07]} 29. Bg3 {[%emt 0:02:05]} b5 {[%emt 0:01:30]} 30. cxb5 {[%emt 0:01:41]} axb5 {[%emt 0:00:01]} 31. Bxe5 {[%emt 0:00:08]} fxe5 {[%emt 0:01:15]} 32. Qb4 {[%emt 0:00:56]} Qc5 {[%emt 0:00:51]} 33. Qxc5 {[%emt 0:00:30]} dxc5 {[%emt 0:00:01]} 34. d6 {[%emt 0:00:18]} e4 {[%emt 0:00:31]} 35. d7 {[%emt 0:00:16]} Rd8 {[%emt 0:00:04]} 36. Rxe4 {[%emt 0:00:14]} Rxd7 {[%emt 0:00:04]} 37. Re5 {[%emt 0:01:51]} Rc7 {[%emt 0:00:15]} 38. Rxh5 {[%emt 0:00:31]} c4 {[%emt 0:01:55]} 39. bxc4 {[%emt 0:00:08]} bxc4 {[%emt 0:00:05]} 40. Rf5 {[%emt 0:00:00]} c3 {[%emt 0:00:00]} 41. Rf1 {[%emt 0:00:22]} Ra7 {[%emt 0:01:22]} 42. Rc1 {[%emt 0:00:06]} Rxa2 {[%emt 0:00:24]} 1/2-1/2

[Event "21st Sants Open 2019"]
[Site "Cotxeres de Sants"]
[Date "2019.08.27"]
[Round "5.10"]
[White "Grafl, Florian"]
[Black "Gokerkan, Cem Kaan"]
[Result "1/2-1/2"]
[WhiteElo "2344"]
[BlackElo "2421"]
[Annotator "TA"]
[PlyCount "101"]
[EventDate "2019.08.22"]
[EventType "swiss"]
[EventCountry "ESP"]
[SourceTitle "playchess.com"]
[Source "ChessBase"]
[SourceQuality "1"]

{[%evp 10,101,-14,-8,-2,-10,8,3,20,18,23,9,12,8,11,8,10,10,9,8,12,11,12,7,0,-1,-10,-6,-2,-14,24,14,27,-11,37,22,25,28,33,36,43,8,20,13,16,13,26,10,16,12,12,6,6,6,9,9,62,64,59,40,49,31,68,0,0,0,14,0,0,0,0,0,0,0,0,-8,0,0,0,0,0,0,0,0,0,0,0,0,0,0,0,0,0,0]} 1. Nc3 d5 2. d4 Nf6 3. Bg5 h6 4. Bxf6 exf6 5. e3 c6 6. Bd3 g6 {D01: Veresov Opening} (6... f5 7. Qd2 g6 8. Nce2 Nd7 9. c4 {½-½ (9) Laznicka,V (2670)-Erdos,V (2615) Jerusalem 2015}) 7. Nf3 Bg7 8. O-O $146 ({Predecessor:} 8. Ne2 Bg4 9. Nf4 Nd7 10. h3 Bxf3 11. Qxf3 f5 {½-½ (31) Kuech,H (2211)-Gries,V (2118) Germany 2001}) 8... f5 9. Ne2 Nd7 {[%cal Bb8d7,Bd7b6,Bb6d5][%mdl 32]} 10. c4 dxc4 11. Bxc4 Nb6 12. Bb3 Nd5 13. Nc3 Be6 14. Ne1 O-O 15. Nd3 Re8 16. Nxd5 Bxd5 17. Nf4 Bxb3 $1 18. Qxb3 Qb6 19. Qc4 Kf8 20. Rfd1 Rad8 21. b4 Bf6 (21... g5 $5 {[%cal Rg5f4]} 22. Nh5 f4 $11) 22. a4 Be7 23. Nd3 {[#] Strongly threatening Ne5.} Bd6 24. g3 Qc7 25. Rdc1 Qe7 26. b5 Rc8 27. Rab1 Ba3 28. Rc3 Bd6 29. Rbc1 Rc7 30. Qb3 {[%cal Rb5c6]} Rec8 31. bxc6 Rxc6 32. Rxc6 bxc6 (32... Rxc6 $11 33. Rxc6 bxc6) 33. Qc4 Rc7 34. a5 h5 35. a6 h4 36. Kf1 ({White should try} 36. Rb1 $1 $14) 36... Qe4 $11 {The position is equal.} 37. Ke2 g5 38. Rb1 f4 39. gxf4 gxf4 40. Rb7 {White wants to play Rxc7.} fxe3 41. f3 Qe7 42. d5 {[#] Hoping for Rb8+.} Rxb7 ({Don't go for} 42... cxd5 $2 43. Rb8+ Kg7 44. Qd4+ Kg6 45. Rg8+ Kf5 46. Qxd5+ Kf6 47. Qg5+ Ke6 48. Qg4+ (48. Qxe3+ Kf6 $17) 48... Kf6 49. Rh8 $18) 43. axb7 Qxb7 44. Qxh4 {aiming for Qd8+.} Ke8 45. Qa4 Qb5 46. Qe4+ Kd7 47. Qf5+ Ke7 48. Qg5+ Kd7 49. Qf5+ Ke7 50. Qg5+ Kd7 51. Qf5+ {Accuracy: White = 59%, Black = 66%.} 1/2-1/2

[Event "21st Sants Open 2019"]
[Site "Cotxeres de Sants"]
[Date "2019.08.27"]
[Round "5.11"]
[White "Bauer, Christian"]
[Black "Brochet, Philippe"]
[Result "1/2-1/2"]
[WhiteElo "2626"]
[BlackElo "2400"]
[Annotator "TA"]
[PlyCount "50"]
[EventDate "2019.08.22"]
[EventType "swiss"]
[EventCountry "ESP"]
[SourceTitle "playchess.com"]
[Source "ChessBase"]
[SourceQuality "1"]

{[%evp 9,50,-7,0,4,5,12,22,20,18,2,0,0,0,0,0,0,0,0,8,-12,24,6,19,0,0,-7,0,-14,-5,-5,-5,-5,-6,-28,-18,-19,-22,-22,-22,-14,-17,-52,-46]} 1. c4 e5 2. Nc3 Bb4 3. Nd5 Nc6 (3... a5 4. a3 Be7 5. d4 d6 6. e4 Nf6 7. Nxe7 Qxe7 8. f3 Nfd7 9. Ne2 O-O 10. d5 Nc5 11. Be3 f5 12. Nc3 fxe4 13. Bxc5 dxc5 14. Nxe4 {½-½ (35) Matlakov,M (2700)-Yu,Y (2764) Caleta 2019}) 4. e3 Nf6 5. Qc2 Nxd5 6. cxd5 {A21: English Opening: 1...e5 2 Nc3} Ne7 7. Nf3 c6 $146 ({Predecessor:} 7... Bd6 8. Bc4 h6 9. O-O O-O 10. d4 exd4 11. Rd1 c6 12. Rxd4 b5 13. dxc6 dxc6 {½-½ (32) Ribbegren,K (2158)-Pikula,D (2562) Novi Sad 2009}) 8. Nxe5 {The position is equal.} Nxd5 9. Bc4 (9. a3 {with more complications.} Bd6 10. Nf3 Nf6 11. b4 O-O 12. Bb2) 9... Qe7 10. Nf3 Nf6 11. a3 Ba5 12. b4 Bc7 13. Bb2 d5 14. Bd3 h6 15. Nd4 {And now Nxc6! would win.} O-O 16. Qc3 Re8 17. O-O a5 18. f4 (18. Nf5 {is more complex.} Bxf5 19. Bxf5 Bb6 20. bxa5 Bxa5 21. Qc2) 18... axb4 19. axb4 Rxa1 20. Rxa1 Bd6 21. Nc2 Qf8 22. Ra7 Ne4 23. Bxe4 $1 Rxe4 24. Ra8 {[#] aiming for Rxc8!} Re8 25. Qd4 f6 {Accuracy: White = 47%, Black = 62%.} 1/2-1/2

[Event "21st Sants Open 2019"]
[Site "Cotxeres de Sants"]
[Date "2019.08.27"]
[Round "5.12"]
[White "Santos Latasa, Jaime"]
[Black "Dominguez Pons, Eric"]
[Result "1-0"]
[WhiteElo "2586"]
[BlackElo "2390"]
[Annotator "ChessBase"]
[PlyCount "73"]
[EventDate "2019.08.22"]
[EventType "swiss"]
[EventCountry "ESP"]
[SourceTitle "playchess.com"]
[Source "ChessBase"]
[SourceQuality "1"]
[TimeControl "40/5400+30:1800+30"]

1. e4 {[%emt 0:00:00]} c6 {[%emt 0:00:12]} 2. d4 {[%emt 0:00:00]} d5 {[%emt 0:00:21]} 3. e5 {[%emt 0:00:00]} Bf5 {[%emt 0:01:19]} 4. Nf3 {[%emt 0:00:10]} e6 {[%emt 0:00:54]} 5. Be2 {[%emt 0:00:06]} Nd7 {[%emt 0:01:14]} 6. O-O {[%emt 0:00:11]} Ne7 {[%emt 0:05:17]} 7. Nh4 {[%emt 0:02:16]} c5 {[%emt 0:02:47]} 8. c3 {[%emt 0:00:10]} Qb6 {[%emt 0:03:41]} 9. Qa4 {[%emt 0:03:01]} Bxb1 {[%emt 0:28:35]} 10. Rxb1 {[%emt 0:01:21]} Nc6 {[%emt 0:00:23]} 11. Nf3 {[%emt 0:00:08]} Be7 {[%emt 0:01:39]} 12. Be3 {[%emt 0:01:21]} O-O {[%emt 0:01:46]} 13. b4 {[%emt 0:03:22]} c4 {[%emt 0:07:54]} 14. Qc2 {[%emt 0:03:21]} Qc7 {[%emt 0:02:14]} 15. Nd2 {[%emt 0:02:58]} Kh8 {[%emt 0:02:51]} 16. f4 {[%emt 0:02:35]} f5 {[%emt 0:02:18]} 17. g4 {[%emt 0:00:35]} g6 {[%emt 0:01:25]} 18. Kh1 {[%emt 0:00:06]} b5 {[%emt 0:02:08]} 19. a4 {[%emt 0:00:24]} bxa4 {[%emt 0:01:03]} 20. b5 {[%emt 0:00:37]} Nd8 {[%emt 0:00:49]} 21. Qxa4 {[%emt 0:00:12]} Nb6 {[%emt 0:01:59]} 22. Qa6 {[%emt 0:00:24]} Nf7 {[%emt 0:01:55]} 23. gxf5 {[%emt 0:00:28]} exf5 {[%emt 0:01:58]} 24. Nf3 {[%emt 0:01:18]} Nd8 {[%emt 0:01:08]} 25. Rg1 {[%emt 0:00:11]} Ne6 {[%emt 0:00:43]} 26. h4 {[%emt 0:01:00]} Qd7 {[%emt 0:05:30]} 27. Rg2 {[%emt 0:01:12]} Rg8 {[%emt 0:01:04]} 28. Rbg1 {[%emt 0:05:41]} Nc7 {[%emt 0:03:35]} 29. Qa1 {[%emt 0:00:06]} a6 {[%emt 0:01:41]} 30. bxa6 {[%emt 0:00:26]} Rxa6 {[%emt 0:00:48]} 31. Qe1 {[%emt 0:00:13]} Ne6 {[%emt 0:03:40]} 32. h5 {[%emt 0:01:17]} Nf8 {[%emt 0:00:17]} 33. Bd1 {[%emt 0:03:47]} Na8 {[%emt 0:01:38]} 34. Bc2 {[%emt 0:00:23]} Rg7 {[%emt 0:01:14]} 35. Qg3 {[%emt 0:02:00]} Nc7 {[%emt 0:00:27]} 36. Qh3 {[%emt 0:00:10]} Ne8 {[%emt 0:00:31]} 37. hxg6 {[%emt 0:00:24]} 1-0

[Event "21st Sants Open 2019"]
[Site "Cotxeres de Sants"]
[Date "2019.08.27"]
[Round "5.13"]
[White "Martens, Martin"]
[Black "Harika, Dronavalli"]
[Result "1/2-1/2"]
[WhiteElo "2364"]
[BlackElo "2495"]
[Annotator "ChessBase"]
[PlyCount "40"]
[EventDate "2019.08.22"]
[EventType "swiss"]
[EventCountry "ESP"]
[SourceTitle "playchess.com"]
[Source "ChessBase"]
[SourceQuality "1"]
[TimeControl "40/5400+30:1800+30"]

1. e4 {[%emt 0:00:00]} e5 {[%emt 0:01:49]} 2. Bc4 {[%emt 0:00:00]} Nf6 {[%emt 0:00:20]} 3. d3 {[%emt 0:00:12]} c6 {[%emt 0:00:15]} 4. Nf3 {[%emt 0:00:37]} d5 {[%emt 0:00:11]} 5. Bb3 {[%emt 0:00:27]} a5 {[%emt 0:00:23]} 6. a4 {[%emt 0:01:04]} Bb4+ {[%emt 0:00:16]} 7. Bd2 {[%emt 0:00:48]} O-O {[%emt 0:02:05]} 8. Bxb4 {[%emt 0:07:09]} axb4 {[%emt 0:00:28]} 9. exd5 {[%emt 0:01:26]} Nxd5 {[%emt 0:12:22]} 10. O-O {[%emt 0:06:27]} Qf6 {[%emt 0:02:15]} 11. Qe1 {[%emt 0:05:47]} Re8 {[%emt 0:05:43]} 12. Nbd2 {[%emt 0:06:41]} Bg4 {[%emt 0:05:22]} 13. Qe4 {[%emt 0:03:31]} Bf5 {[%emt 0:01:15]} 14. Qh4 {[%emt 0:01:15]} Qxh4 {[%emt 0:00:56]} 15. Nxh4 {[%emt 0:00:09]} Be6 {[%emt 0:00:25]} 16. Nhf3 {[%emt 0:01:54]} Nd7 {[%emt 0:00:44]} 17. Rfe1 {[%emt 0:01:33]} f6 {[%emt 0:02:35]} 18. d4 {[%emt 0:03:47]} exd4 {[%emt 0:03:36]} 19. Nxd4 {[%emt 0:00:14]} Bf7 {[%emt 0:00:14]} 20. Ne4 {[%emt 0:00:22]} Kf8 {[%emt 0:10:13]} 1/2-1/2

[Event "21st Sants Open 2019"]
[Site "Cotxeres de Sants"]
[Date "2019.08.27"]
[Round "5.14"]
[White "Lorenzo De La Riva, Lazaro"]
[Black "Garriga Cazorla, Pere"]
[Result "1/2-1/2"]
[WhiteElo "2373"]
[BlackElo "2495"]
[Annotator "TA"]
[PlyCount "149"]
[EventDate "2019.08.22"]
[EventType "swiss"]
[EventCountry "ESP"]
[SourceTitle "playchess.com"]
[Source "ChessBase"]
[SourceQuality "1"]

{[%evp 17,149,9,20,18,29,-23,-16,-18,-15,-15,-28,-19,0,0,0,0,0,0,0,0,0,0,0,0,22,0,10,5,14,7,9,10,37,28,100,42,55,39,54,35,43,16,29,29,35,7,8,9,52,0,0,0,0,0,0,-10,-11,-8,0,0,0,0,0,-13,-8,-20,-12,-32,0,0,0,0,0,0,0,0,0,0,0,-30,0,0,0,0,0,0,0,-8,-8,-68,-67,-65,-123,-69,-67,-67,-69,-87,-92,-92,-87,-112,-113,-117,-72,-71,-66,-71,-28,-28,-28,-26,-8,-8,0,-8,0,0,0,0,0,0,0,0,0,0,0,0,0,0,0,0,0,0]} 1. e4 c5 2. Nf3 Nc6 3. Nc3 e5 4. Bc4 d6 5. d3 Be7 6. O-O Nf6 7. Ng5 O-O 8. f4 exf4 9. Bxf4 h6 10. Nf3 {B30: Sicilian: 2...Nc6 3 Bb5, lines without ...g6} Be6 11. Bxe6 ({White should play} 11. Nd5) (11. Nd5 Qd7 12. c3 Rae8 13. a4 Bd8 14. Qd2 a6 15. Qf2 Bxd5 16. Bxd5 Nxd5 17. exd5 Ne7 18. Qg3 Kh7 19. c4 {0-1 (72) Navara,D (2727)-Krasenkow,M (2631) Poland 2018}) 11... fxe6 $11 12. Qd2 g5 $146 ({Predecessor:} 12... Ng4 13. h3 Nge5 14. Nxe5 Nxe5 15. Bxe5 dxe5 16. Rxf8+ Bxf8 {½-½ (36) Roy Chowdhury,S (2376)-Ni,H (2545) Goa 2002}) 13. Bg3 Nh5 14. Ne2 Kh7 15. h3 Nxg3 16. Nxg3 Qe8 17. c3 Qg6 18. Nh2 h5 19. Qe2 Kh6 20. Qe3 Bf6 21. Ne2 Kh7 22. Rf2 Bg7 23. Raf1 {[%cal Ba1f1,Bf1f2,Bf2f7][%mdl 32]} Rxf2 24. Rxf2 b5 25. Nf3 Bf6 (25... Bh6 $1 $11 {remains equal.} 26. g4 Rf8) 26. h4 (26. d4 $16) 26... Rg8 $14 27. hxg5 Bxg5 28. Nxg5+ Qxg5 29. Rf7+ Kg6 30. Qxg5+ Kxg5 $11 {[%mdl 4096] Endgame KRN-KRN} 31. d4 cxd4 32. cxd4 Rc8 33. Rd7 (33. Rg7+ $14 Kf6 34. Rd7) 33... Nb4 34. Rxd6 Rc2 35. Nc3 Nd3 36. Rd8 b4 37. Nb5 Rc1+ 38. Kh2 Nf2 39. Rg8+ (39. Nxa7 h4 $17) 39... Kh6 (39... Kf4 $5 40. Rf8+ $8 Ke3 41. Rf3+ Ke2 $11) 40. Kg3 Nxe4+ 41. Kf4 Nf6 42. Ra8 Re1 43. Rxa7 Nd5+ 44. Kf3 Rf1+ 45. Ke2 Rb1 46. b3 Kg5 47. Rg7+ Kf6 48. Rg8 Ra1 49. Ra8 Kg5 50. g3 Kg4 51. Rg8+ Kh3 52. Nd6 Rxa2+ 53. Kf3 (53. Kd3 $11) 53... Rb2 $15 54. Ne4 $1 Rxb3+ 55. Kf2 Ne3 {Hoping for ...Ng4+.} 56. Ng5+ Kh2 $1 {aiming for ...Ng4+.} 57. Nf3+ {[#]} Kh1 $1 58. Nd2 {[#]} Ra3 $1 59. Rg5 {[%cal Rg5h5]} Ng4+ 60. Ke2 Kg2 ({Reject} 60... Rxg3 $6 61. Rxh5+ Kg2 62. Rg5 $11) 61. Rxh5 Re3+ ({Much weaker is} 61... Rxg3 62. Rg5 $11) 62. Kd1 Nf2+ 63. Kc2 Rc3+ 64. Kb1 Nd3 {And now ...Rc1+ would win.} 65. Ne4 {The position is equal.} Rc1+ 66. Ka2 e5 67. dxe5 Kf3 68. Nd2+ Ke3 69. Nb3 Rc2+ 70. Ka1 Rc3 71. Ka2 Rc2+ 72. Ka1 Rc6 73. e6 Ra6+ 74. Kb1 {e7 is the strong threat.} Rxe6 75. Nc5 {Accuracy: White = 58%, Black = 66%.} 1/2-1/2

[Event "21st Sants Open 2019"]
[Site "Cotxeres de Sants"]
[Date "2019.08.27"]
[Round "5.15"]
[White "Morais Carreras, Javier"]
[Black "Rios Torondell, Jaume"]
[Result "0-1"]
[WhiteElo "1939"]
[BlackElo "1891"]
[Annotator "NA"]
[PlyCount "60"]
[EventDate "2019.08.22"]
[EventType "swiss"]
[EventCountry "ESP"]
[SourceTitle "playchess.com"]
[Source "ChessBase"]
[SourceQuality "1"]
[TimeControl "40/5400+30:1800+30"]

1. e4 {[%emt 0:00:00]} e6 {[%emt 0:04:39]} 2. d3 {[%emt 0:00:00]} d5 {[%emt 0:00:08]} 3. Nd2 {[%emt 0:00:00]} Nc6 {[%emt 0:00:10]} 4. Ngf3 {[%emt 0:00:22]} Nf6 {[%emt 0:00:28]} 5. g3 {[%emt 0:00:35]} dxe4 {[%emt 0:00:06]} 6. dxe4 {[%emt 0:00:12]} e5 {[%emt 0:00:04]} 7. Bg2 {[%emt 0:01:09]} Bg4 {[%emt 0:00:29]} 8. O-O {[%emt 0:01:38]} Nd4 {[%emt 0:21:02]} 9. c3 {[%emt 0:03:50]} Nxf3+ {[%emt 0:02:21]} 10. Bxf3 {[%emt 0:01:14]} Bh3 {[%emt 0:04:58]} 11. Re1 {[%emt 0:04:18]} Qd7 {[%emt 0:08:53]} 12. Qb3 {[%emt 0:02:10]} Bc5 {[%emt 0:06:07]} 13. Qxb7 {[%emt 0:08:11]} O-O {[%emt 0:00:36]} 14. Qa6 {[%emt 0:00:34]} Ng4 {[%emt 0:01:59]} 15. Bxg4 {[%emt 0:05:43]} Qxg4 {[%emt 0:02:20]} 16. Qe2 {[%emt 0:01:02]} Qe6 {[%emt 0:02:03]} 17. b4 {[%emt 0:02:55]} Be7 {[%emt 0:08:11]} 18. Nb3 {[%emt 0:04:50]} h5 {[%emt 0:06:45]} 19. Be3 {[%emt 0:01:08]} Qg6 {[%emt 0:02:43]} 20. Bc5 {[%emt 0:02:42]} Bxc5 {[%emt 0:07:20]} 21. Nxc5 {[%emt 0:00:14]} h4 {[%emt 0:00:02]} 22. Qe3 {[%emt 0:03:52]} f5 {[%emt 0:06:04]} 23. exf5 {[%emt 0:04:32]} Rxf5 {[%emt 0:00:34]} 24. Qe4 {[%emt 0:01:14]} Raf8 {[%emt 0:03:09]} 25. Qc4+ {[%emt 0:08:26]} Kh8 {[%emt 0:03:28]} 26. Qxh4+ {[%emt 0:02:10]} Rh5 {[%emt 0:00:01]} 27. Qe4 {[%emt 0:01:01]} Qf6 {[%emt 0:04:05]} 28. Qe2 {[%emt 0:01:55]} Bg4 {[%emt 0:00:49]} 29. Nd7 {[%emt 0:20:45]} Qf5 {[%emt 0:01:00]} 30. Qxe5 {[%emt 0:03:32]} Qxf2+ {[%emt 0:00:26]} 0-1

[Event "21st Sants Open 2019"]
[Site "Cotxeres de Sants"]
[Date "2019.08.27"]
[Round "5.16"]
[White "Romero Moreno, Felix"]
[Black "Vargas Drechsler, Carlos"]
[Result "1-0"]
[WhiteElo "1914"]
[BlackElo "1915"]
[Annotator "NA"]
[PlyCount "77"]
[EventDate "2019.08.22"]
[EventType "swiss"]
[EventCountry "ESP"]
[SourceTitle "playchess.com"]
[Source "ChessBase"]
[SourceQuality "1"]
[TimeControl "40/5400+30:1800+30"]

1. d4 {[%emt 0:00:00]} d5 {[%emt 0:00:00]} 2. c4 {[%emt 0:00:00]} e6 {[%emt 0:00:16]} 3. Nc3 {[%emt 0:00:19]} Nf6 {[%emt 0:00:51]} 4. Nf3 {[%emt 0:01:12]} c6 {[%emt 0:02:21]} 5. e3 {[%emt 0:00:32]} Nbd7 {[%emt 0:00:58]} 6. Qc2 {[%emt 0:00:08]} Bd6 {[%emt 0:01:07]} 7. b3 {[%emt 0:01:08]} O-O {[%emt 0:00:45]} 8. h3 {[%emt 0:02:24]} e5 {[%emt 0:06:12]} 9. dxe5 {[%emt 0:14:46]} Nxe5 {[%emt 0:00:32]} 10. Nxe5 {[%emt 0:05:27]} Bxe5 {[%emt 0:00:17]} 11. Bb2 {[%emt 0:00:26]} Qa5 {[%emt 0:11:38]} 12. f4 {[%emt 0:18:23]} Bf5 {[%emt 0:03:27]} 13. Bd3 {[%emt 0:00:45]} Bxd3 {[%emt 0:00:48]} 14. Qxd3 {[%emt 0:00:11]} dxc4 {[%emt 0:02:02]} 15. bxc4 {[%emt 0:11:29]} Rad8 {[%emt 0:02:41]} 16. Qc2 {[%emt 0:01:03]} Bc7 {[%emt 0:04:24]} 17. O-O {[%emt 0:06:11]} Qc5 {[%emt 0:03:27]} 18. Nd1 {[%emt 0:02:21]} Rxd1 {[%emt 0:12:31]} 19. Raxd1 {[%emt 0:01:51]} Qxe3+ {[%emt 0:00:32]} 20. Kh1 {[%emt 0:07:42]} Ne4 {[%emt 0:03:28]} 21. Rf3 {[%emt 0:04:11]} Ng3+ {[%emt 0:07:00]} 22. Kh2 {[%emt 0:01:54]} Qe4 {[%emt 0:09:33]} 23. Qc3 {[%emt 0:02:38]} Nh5 {[%emt 0:12:21]} 24. Re1 {[%emt 0:04:27]} Qg6 {[%emt 0:02:05]} 25. g3 {[%emt 0:01:06]} Rd8 {[%emt 0:03:09]} 26. Rfe3 {[%emt 0:00:54]} f6 {[%emt 0:02:44]} 27. c5 {[%emt 0:03:40]} Nxf4 {[%emt 0:01:56]} 28. Qb3+ {[%emt 0:04:39]} Nd5 {[%emt 0:00:49]} 29. Re4 {[%emt 0:00:51]} Kf8 {[%emt 0:01:31]} 30. Qf3 {[%emt 0:01:29]} Ba5 {[%emt 0:02:59]} 31. R1e2 {[%emt 0:00:38]} Nb4 {[%emt 0:00:57]} 32. Qa3 {[%emt 0:00:57]} b6 {[%emt 0:01:26]} 33. cxb6 {[%emt 0:00:02]} axb6 {[%emt 0:01:04]} 34. Rxb4 {[%emt 0:01:06]} Bxb4 {[%emt 0:00:17]} 35. Qxb4+ {[%emt 0:00:01]} c5 {[%emt 0:00:02]} 36. Qxb6 {[%emt 0:00:52]} Qd3 {[%emt 0:00:02]} 37. Qxc5+ {[%emt 0:00:27]} Kg8 {[%emt 0:00:03]} 38. Qc2 {[%emt 0:01:19]} Qf3 {[%emt 0:00:31]} 39. Qb3+ {Rf8} 1-0